000 00273nam a2200109 4500
082 0 _a225.5
242 0 0 _aGenesis and the New Testament in the Murle language of Sudan
245 1 1 _aZɔɔz o joowo
260 _bThe Bible League
_cc.1996
300 _a730 p.
942 _2ddc
_cBK
999 _c64594
_d64568